Einleitung

Úvod do kontrastnej viacjazyčnej analýzy s použitím textov zameraných na frazeológiu a metaforový výskum. Priblíženie siedmych príspevkov a záverečnej kapitoly so súhrným kontrastným porovnaním.

Guardado en:
Detalles Bibliográficos
Autor principal: Lišková, Danuša
Formato: Capítulo de libro
Lenguaje:alemán
Materias:
Etiquetas: Agregar Etiqueta
Sin Etiquetas, Sea el primero en etiquetar este registro!

MARC

LEADER 00000naa$a2200000$$$4500
001 0236092
005 20240502083629.3
041 0 |a ger 
044 |a DE 
245 1 0 |a Einleitung  |c Danuša Lišková 
520 |a Úvod do kontrastnej viacjazyčnej analýzy s použitím textov zameraných na frazeológiu a metaforový výskum. Priblíženie siedmych príspevkov a záverečnej kapitoly so súhrným kontrastným porovnaním. 
610 2 0 |a jazykoveda 
610 2 0 |a frazeológia 
610 2 0 |a analýza empirická 
610 2 0 |a analýza komparatívna 
100 1 |a Lišková, Danuša